Share ownership in the United States ; a study prepared at the request of the New York Stock Exchange.

Bibliographic Details
Main Author: Kimmel, Lewis Henry, 1899-
Corporate Authors: New York Stock Exchange, Brookings Institution
Format: Book
Language:English
Published: Washington : Brookings Institution, 1952.
Subjects:

MARC

Tag First Indicator Second Indicator Subfields
LEADER 00000cam a2200000 4500
001 in00000055034
005 20151008052144.0
008 731010s1952 dcua 00000 eng
010 |a  52002792  
035 |a (OCoLC)00715702 
035 |9 AAH1953AM 
040 |a DLC  |c CSU  |d OCL  |d TXA  |d UtOrBLW 
049 |a TXAM  |c [211520] 
050 0 |a HG4061  |b .K48 
082 0 |a 332.63 
092 |a 332.63  |b K49s 
100 1 |a Kimmel, Lewis Henry,  |d 1899- 
245 1 0 |a Share ownership in the United States ;  |b a study prepared at the request of the New York Stock Exchange. 
264 1 |a Washington :  |b Brookings Institution,  |c 1952. 
300 |a xi, 140 pages :  |b diagrams, tables. ;  |c 23 cm. 
336 |a text  |b txt  |2 rdacontent 
337 |a unmediated  |b n  |2 rdamedia 
338 |a volume  |b nc  |2 rdacarrier 
650 0 |a Stocks  |z United States. 
650 0 |a Corporations  |z United States  |x Finance. 
710 2 |a New York Stock Exchange. 
710 2 |a Brookings Institution. 
999 |a MARS 
999 f f |s 81f5af73-ceba-3d93-857c-349614d31882  |i 8a5fca84-73bd-30f9-9ca5-8c343d99f13f  |t 0 
952 f f |p ric  |a Texas A&M University  |b Rellis Campus  |c Joint Library Facility  |d Remote Storage  |t 0  |e HG4061 .K48  |h Library of Congress classification  |i unmediated -- volume  |m A14800736307 
998 f f |a HG4061 .K48  |t 0  |l Remote Storage